| 000 | 01299 a2200253 4500 | ||
|---|---|---|---|
| 003 | Nust | ||
| 005 | 20230726143239.0 | ||
| 010 | _a 82023879 | ||
| 020 | _a0442293917 (pbk.) : | ||
| 040 | _cNust | ||
| 082 | 0 | 0 | _a621.382,ZOR |
| 100 | 1 |
_aZorkoczy, Peter. _9104679 |
|
| 245 | 1 | 0 |
_aInformation technology : An introduction / _cPeter Zorkoczy. |
| 260 |
_aNew York : _bVan Nostrand Reinhold Co., _c1984, c1983. |
||
| 300 |
_aix, 140 p. : _bill. ; _c25 cm. |
||
| 440 | 0 |
_aCommunications library _9104680 |
|
| 505 | _aAbout Information Technology (Page-3), Information Technology in Action (Page-13), Introduction (Page-49), Telecommunication (Page-51), Optical Communication Systems (Page-63), Video Tape and Video Disc Systems (Page-67), Computers (Page-75), Computer Vision (Page-83), Data Protection (Page-87), Expert Systems (Page-91), Microforms (Page-95), Voice Communication with Computers (Page-101), Electronic Mail (Page-117), Information Systems (Page-121), Videotext and Teletext (Page-125), General Reading on Information Technology (Page-131). | ||
| 650 | 0 |
_aComputer networks. _93677 |
|
| 650 | 0 |
_aElectronic mail systems. _995299 |
|
| 650 | 0 | _aInformation technology. | |
| 650 | 0 | _aTelecommunication Engineering | |
| 650 | 0 | _aTelecommunication. | |
| 942 |
_2ddc _cBK _k621.382,ZOR |
||
| 999 |
_c182630 _d182630 |
||